Rambles and recollections of an Indian official (Record no. 419500)

000 -LEADER
fixed length control field 00457cam a22001457a 4500
008 - FIXED-LENGTH DATA ELEMENTS--GENERAL INFORMATION
fixed length control field 180718b1915 xxu||||| |||| 00| 0 eng d
082 ## - DEWEY DECIMAL CLASSIFICATION NUMBER
Classification number B19x54 Sl24
100 ## - MAIN ENTRY--PERSONAL NAME
Personal name Sleeman, W.H.
245 ## - TITLE STATEMENT
Title Rambles and recollections of an Indian official
Statement of responsibility, etc. byW.H.Sleeman
260 ## - PUBLICATION, DISTRIBUTION, ETC.
Place of publication, distribution, etc. London
Name of publisher, distributor, etc. Humphirey Milford
Date of publication, distribution, etc. 1915
300 ## - PHYSICAL DESCRIPTION
Extent xxxvii,667
500 ## - GENERAL NOTE
General note rs.481.00
650 ## - SUBJECT ADDED ENTRY--TOPICAL TERM
Topical term or geographic name entry element India --Description and travel.
650 ## - SUBJECT ADDED ENTRY--TOPICAL TERM
Topical term or geographic name entry element Sleeman, W. H. (William Henry)-Sir- 1788-1856
Holdings
Withdrawn status Lost status Damaged status Not for loan Permanent Location Current Location Date acquired Full call number Barcode Date last seen Price effective from Koha item type
        Indian Institute of Public Administration Indian Institute of Public Administration 2009-07-03 B19x54 Sl24 6830 2018-07-21 2018-07-21 Book

Powered by Koha